Normal view
MARC view
- Llagas, Aveline T.
Entry Personal Name
001 - CONTROL NUMBER
- control field: 40284
003 - CONTROL NUMBER IDENTIFIER
- control field: OSt
005 - DATE AND TIME OF LATEST TRANSACTION
- control field: 20191011095354.0
008 - FIXED-LENGTH DATA ELEMENTS
- fixed length control field: 191011|| aca||aabn | a|a d
040 ## - CATALOGING SOURCE
- Original cataloging agency: OSt
- Transcribing agency: OSt
100 ## - HEADING--PERSONAL NAME
- Personal name: Llagas, Aveline T.
670 ## - SOURCE DATA FOUND
- Source citation: Work cat.: (OSt): Llagas, Aveline T., Essentials of teacher leadership/, ©2018
